Význam a funkcia ochrany výrobkov priemyslovými vzormi

Bibliographic Details
Main Author: Lankaš, Zdeněk (Author)
Format: Article
Language:Slovak
Subjects:

MARC

LEADER 00000nab a2200000 a 4500
001 vtls000260542
003 SK-MaSNL
005 20260302221626.0
008 111202c1986 xo 0 slo
015 |a SNBRA19rr/mm-uuuuu 
035 |a CL0270656 
040 |a SNKBUCL  |b slo  |c SNKBUCL  |e AACR2 
041 0 |a slo 
044 |a xo  |c SK 
080 |a 347.77  |2 1981 
080 |a 658.512.2  |2 1981 
080 |a 331.147  |2 1981 
100 1 |a Lankaš, Zdeněk  |4 aut  |9 948800 
245 1 0 |a Význam a funkcia ochrany výrobkov priemyslovými vzormi  |c Zdeněk Lankaš 
650 0 7 |a priemyselné vzory  |2 snkbucl  |9 2702 
650 0 7 |a vynálezy  |2 snkbucl  |9 301857 
650 0 7 |a zlepšovacie návrhy  |2 snkbucl  |9 51995 
650 0 7 |a ochrana právna  |2 snkbucl  |9 899354 
655 7 |a články zo zborníkov  |2 snkbucl  |9 166140 
773 0 |t Ochrana výrobkov priemyslovými vzormi, používanie ochranných známok  |d Bratislava : Dom techniky ČSVTS, 1986 
850 |a Slovenská národná knižnica v Martine  |a MTA001 
852 |a SNK  |b KIS3GCP 
958 |a RK 
992 |a RZB 
999 |c 1512708  |d 1514638